La palabra en su asiento / (Registro nro. 14130)

Detalles MARC
000 -LEADER
fixed length control field 01587nam a2200277 a 4500
001 - CONTROL NUMBER
control field 000044192
003 - CONTROL NUMBER IDENTIFIER
control field OSt
005 - DATE AND TIME OF LATEST TRANSACTION
control field 20220331103537.0
007 - PHYSICAL DESCRIPTION FIXED FIELD--GENERAL INFORMATION
fixed length control field ta
008 - FIXED-LENGTH DATA ELEMENTS--GENERAL INFORMATION
fixed length control field 140606s2004 dr r 000 0 spa d
020 ## - INTERNATIONAL STANDARD BOOK NUMBER
International Standard Book Number 9993430609
040 ## - CATALOGING SOURCE
Original cataloging agency DO-SdBNP
Language of cataloging spa
Transcribing agency BPMSU
082 ## - DEWEY DECIMAL CLASSIFICATION NUMBER
Classification number RD861.44
Item number G216p 2004
Edition number 22
100 1# - MAIN ENTRY--PERSONAL NAME
Personal name García, José Enrique
Dates associated with a name 1948-
245 13 - TITLE STATEMENT
Title La palabra en su asiento /
Statement of responsibility, etc. José Enrique García.
260 ## - PUBLICATION, DISTRIBUTION, ETC. (IMPRINT)
Place of publication, distribution, etc. Santo Domingo :
Name of publisher, distributor, etc. Banco Central de la República Dominicana,
Date of publication, distribution, etc. 2004.
300 ## - PHYSICAL DESCRIPTION
Extent 345 p. ;
Dimensions 24 cm.
490 0# - SERIES STATEMENT
Series statement Banco Central de la República Dominicana ;
Volume/sequential designation 62 ,
Series statement Arte y literatura ;
Volume/sequential designation 23.
500 ## - GENERAL NOTE
General note Incluye datos biográficos del autor en la solapa de la cubierta
500 ## - GENERAL NOTE
General note Incluye referencias bibliográficas y notas al pie de las páginas
505 ## - FORMATTED CONTENTS NOTE
Formatted contents note Introducción 7 -- EL ACTO POETICO Y LA EXPRESIVIDAD 11 -- El carácter mimético de la poesía 13 -- Naturaleza de la poesía 16 -- Poesía y comunicación 23 -- Epoca literaria 27 -- Epoca y generaciones 32 -- Epoca simbólica 35 -- La poesía y sus contextos 40 -- Lo ideológico como contexto 48 -- La especificidad dominicana 57 -- EL VEDRINISMO - LOS CONTEXTOS -- Los contextos. En torno a la denominación 63 -- Representantes 65 -- Contexto sociales-económico 67 -- Contexto cultural 69 -- TIMPANO DE LA MONTAÑA - ANALISIS 89 -- EL POSTUMISMO - LOS CONTEXTOS 107 -- POEMA DE LA HIJA REINTEGRADA - ANALISIS 143 -- YELIDA - ANALISIS 217
590 ## - LOCAL NOTE (RLIN)
Local note Inventariado,2022/VM
650 #4 - SUBJECT ADDED ENTRY--TOPICAL TERM
Topical term or geographic name as entry element Poesía dominicana
General subdivision Historia y crítica
910 ## - USER-OPTION DATA (OCLC)
User-option data VMateo V.
942 ## - ADDED ENTRY ELEMENTS (KOHA)
Source of classification or shelving scheme Dewey Decimal Classification
Koha item type Libros
Existencias
Withdrawn status Lost status Source of classification or shelving scheme Damaged status Not for loan Collection code Home library Current library Date acquired Source of acquisition Total Checkouts Full call number Barcode Date last seen Price effective from Koha item type Copy number
    Dewey Decimal Classification     Colección Dominicana Biblioteca Pública Metropolitana Salomé Ureña Biblioteca Pública Metropolitana Salomé Ureña 03/31/2022 Bacnco Central   BPMSU CD RD861.44 G216p 2004 BPMSU22030131 03/31/2022 03/31/2022 Libros  
    Dewey Decimal Classification     Colección Dominicana Biblioteca Pública Metropolitana Salomé Ureña Biblioteca Pública Metropolitana Salomé Ureña 03/31/2022 Bacnco Central   BPMSU CD RD861.44 G216p 2004 BPMSU25090014 09/03/2025 03/31/2022 Libros e.2